The life and adventures of Martin Chuzzlewit / (Record no. 174600)

000 -LEADER
fixed length control field 01643cam a2200433 a 4500
001 - CONTROL NUMBER
control field 12185655
003 - CONTROL NUMBER IDENTIFIER
control field Nust
005 - DATE AND TIME OF LATEST TRANSACTION
control field 20220830123212.0
008 - FIXED-LENGTH DATA ELEMENTS--GENERAL INFORMATION
fixed length control field 000926r19991843enka 000 1 eng
010 ## - LIBRARY OF CONGRESS CONTROL NUMBER
LC control number 00708797
020 ## - INTERNATIONAL STANDARD BOOK NUMBER
International Standard Book Number 978-0140436143
020 ## - INTERNATIONAL STANDARD BOOK NUMBER
International Standard Book Number 0140436146
040 ## - CATALOGING SOURCE
Original cataloging agency DLC
Transcribing agency DLC
Modifying agency DLC
043 ## - GEOGRAPHIC AREA CODE
Geographic area code n-us---
-- e-uk-en
050 00 - LIBRARY OF CONGRESS CALL NUMBER
Classification number PR4563.A2
Item number I54 1999
082 00 - DEWEY DECIMAL CLASSIFICATION NUMBER
Classification number 823
Author Mark DIC
100 1# - MAIN ENTRY--PERSONAL NAME
Personal name Dickens, Charles,
Dates associated with a name 1812-1870.
9 (RLIN) 12180
240 10 - UNIFORM TITLE
Uniform title Martin Chuzzlewit
245 14 - TITLE STATEMENT
Title The life and adventures of Martin Chuzzlewit /
Statement of responsibility, etc. Charles Dickens ;
260 ## - PUBLICATION, DISTRIBUTION, ETC.
Place of publication, distribution, etc. London ;
-- New York :
Name of publisher, distributor, etc. Penguin Books,
Date of publication, distribution, etc. 1999.
300 ## - PHYSICAL DESCRIPTION
Extent xxxiii, 828 p. :
Other physical details ill. ;
Dimensions 20 cm.
440 #0 - SERIES STATEMENT/ADDED ENTRY--TITLE
Title Penguin classics
9 (RLIN) 11658
650 00 - SUBJECT ADDED ENTRY--TOPICAL TERM
Topical term or geographic name entry element British
Geographic subdivision United States
Form subdivision Fiction.
9 (RLIN) 98640
650 #0 - SUBJECT ADDED ENTRY--TOPICAL TERM
Topical term or geographic name entry element Grandfathers
Form subdivision Fiction.
9 (RLIN) 98609
650 #0 - SUBJECT ADDED ENTRY--TOPICAL TERM
Topical term or geographic name entry element Young men
Form subdivision Fiction.
9 (RLIN) 12184
650 #0 - SUBJECT ADDED ENTRY--TOPICAL TERM
Topical term or geographic name entry element Avarice
Form subdivision Fiction.
9 (RLIN) 98641
651 #0 - SUBJECT ADDED ENTRY--GEOGRAPHIC NAME
Geographic name United States
General subdivision Description and travel
Form subdivision Fiction.
9 (RLIN) 98642
651 #0 - SUBJECT ADDED ENTRY--GEOGRAPHIC NAME
Geographic name England
Form subdivision Fiction.
9 (RLIN) 1072
655 #7 - INDEX TERM--GENRE/FORM
Genre/form data or focus term Satire.
Source of term lcsh
9 (RLIN) 7757
655 #7 - INDEX TERM--GENRE/FORM
Genre/form data or focus term Black humor (Literature)
Source of term gsafd
9 (RLIN) 98643
655 #7 - INDEX TERM--GENRE/FORM
Genre/form data or focus term Adventure stories.
Source of term gsafd
655 #7 - INDEX TERM--GENRE/FORM
Genre/form data or focus term Bildungsromans.
Source of term gsafd
700 1# - ADDED ENTRY--PERSONAL NAME
Personal name Ingham, Patricia.
9 (RLIN) 27933
856 42 - ELECTRONIC LOCATION AND ACCESS
Materials specified Contributor biographical information
Uniform Resource Identifier <a href="http://www.loc.gov/catdir/enhancements/fy1203/00708797-b.html">http://www.loc.gov/catdir/enhancements/fy1203/00708797-b.html</a>
856 42 - ELECTRONIC LOCATION AND ACCESS
Materials specified Publisher description
Uniform Resource Identifier <a href="http://www.loc.gov/catdir/enhancements/fy1203/00708797-d.html">http://www.loc.gov/catdir/enhancements/fy1203/00708797-d.html</a>
906 ## - LOCAL DATA ELEMENT F, LDF (RLIN)
a 7
b cbc
c origcop
d 2
e ncip
f 20
g y-gencatlg
942 ## - ADDED ENTRY ELEMENTS (KOHA)
Source of classification or shelving scheme
Koha item type Book
Holdings
Withdrawn status Lost status Source of classification or shelving scheme Damaged status Not for loan Permanent Location Current Location Shelving location Date acquired Total Checkouts Full call number Barcode Date last seen Date last checked out Copy number Price effective from Koha item type
          Central Library (CL) Central Library (CL) Fiction 02/02/2017 1 823 DIC CL957 05/31/2024 02/01/2024 1 02/02/2017 Book
© 2023 Central Library, National University of Sciences and Technology. All Rights Reserved.